L'attaque de Mers el-Kebir - Statistiques

Statistiques générales
  • Ce quiz a été pris 24 fois
  • Le résultat moyen est 13 sur 15
Statistiques - réponses
Questions Réponses % Correct
Cuirassé français qui explose et chavire, emportant avec lui 977 marins. Il porte le nom d'une région de l'Ouest de la France. La Bretagne
100%
Pays actuel dans lequel se trouve Mers el-Kebir. L'Algérie
100%
Année de l'attaque. 1940
95%
Pays qui lança l'attaque. Le Royaume-Uni
95%
L'attaque de Mers el-Kebir est un épisode de la ______ ____ _______. Seconde Guerre mondiale
95%
Mois de l'attaque. Juillet
91%
Croiseur de bataille qui parvient miraculeusement à s'échapper en haute mer, avec le porte-hydravions Commandant Teste et 5 destroyers, sans être touché. Il porte le nom d'une ville alsacienne. Le Strasbourg
91%
Grande ville située à 7 kilomètres de la rade de Mers el-Kebir Oran
91%
Premier ministre qui donna l'ordre de lancer l'opération. Sir Winston Churchill
91%
Port de la métropole que rejoignit le précédent au lendemain soir de l'attaque. Toulon
91%
Exclave de ce pays d'où partit l'escadre qui allait lancer l'assaut. Gibraltar
82%
Cuirassé qui riposta contre l'ennemi mais fut lui aussi touché et compta 8 morts. Il porte le nom d'une région du Sud-Est de la France. La Provence
82%
Cuirassé attaqué à deux reprises à trois jours d'intervalle. L'un des obus rebondit sur la tourelle 2 de l'artillerie principale, et tue tout le personnel de la demi-tourelle droite. Le bilan des deux attaques contre ce cuirassé est d'environ 225 victimes. Il porte le nom d'un port des Flandres françaises. Le Dunkerque
73%
Amiral qui avait fait créer la base navale de Mers el-Kebir trois ans avant l'attaque. L'amiral François Darlan
68%
Amiral qui ouvrit le feu. James Somerville
45%
Aucun quiz correspondant
Distribution des résultats
% des personnes avec chaque résultat
Percentile par nombre de réponses
Votre historique - résultats
Vous n’avez pas pris ce quiz